New venture creation : (Record no. 154)

000 -LEADER
fixed length control field 01116cam a2200325 a 4500
003 - CONTROL NUMBER IDENTIFIER
control field OSt
005 - DATE AND TIME OF LATEST TRANSACTION
control field 20210604085137.0
008 - FIXED-LENGTH DATA ELEMENTS--GENERAL INFORMATION
fixed length control field 850122s1985 ilua b 001 0 eng
020 ## - INTERNATIONAL STANDARD BOOK NUMBER
International Standard Book Number 0256034761 (pbk.)
040 ## - CATALOGING SOURCE
Transcribing agency DLC
050 00 - LIBRARY OF CONGRESS CALL NUMBER
Classification number HD62.5
Item number .T55 1985
100 1# - MAIN ENTRY--PERSONAL NAME
Personal name Timmons, Jeffry A.
245 10 - TITLE STATEMENT
Title New venture creation :
Remainder of title a guide to entrepreneurship /
Statement of responsibility, etc. Jeffry A. Timmons with Leonard E. Smollen, Alexander L.M. Dingee, Jr.
250 ## - EDITION STATEMENT
Edition statement 2nd ed.
260 ## - PUBLICATION, DISTRIBUTION, ETC.
Place of publication, distribution, etc. Homewood, Ill. :
Name of publisher, distributor, etc. R.D. Irwin,
Date of publication, distribution, etc. 1985.
300 ## - PHYSICAL DESCRIPTION
Extent xxiv, 700 p. :
Other physical details ill. ;
Dimensions 28 cm.
440 #4 - SERIES STATEMENT/ADDED ENTRY--TITLE
Title The Irwin series in management and the behavioral sciences
500 ## - GENERAL NOTE
General note Includes index.
504 ## - BIBLIOGRAPHY, ETC. NOTE
Bibliography, etc. note Bibliography: p. 681-693.
650 #0 - SUBJECT ADDED ENTRY--TOPICAL TERM
Topical term or geographic name entry element New business enterprises
General subdivision Handbooks, manuals, etc.
650 #0 - SUBJECT ADDED ENTRY--TOPICAL TERM
Topical term or geographic name entry element Entrepreneurship
General subdivision Handbooks, manuals, etc.
650 #0 - SUBJECT ADDED ENTRY--TOPICAL TERM
Topical term or geographic name entry element Small business
General subdivision Handbooks, manuals, etc.
700 1# - ADDED ENTRY--PERSONAL NAME
Personal name Smollen, Leonard E.
700 1# - ADDED ENTRY--PERSONAL NAME
Personal name Dingee, Alexander L. M.
906 ## - LOCAL DATA ELEMENT F, LDF (RLIN)
a 7
b cbc
c orignew
d 3
e opcn
f 19
g y-gencatlg
942 ## - ADDED ENTRY ELEMENTS (KOHA)
Source of classification or shelving scheme
Koha item type Book
Suppress in OPAC JO
Holdings
Withdrawn status Lost status Source of classification or shelving scheme Damaged status Not for loan Permanent Location Current Location Shelving location Date acquired Total Checkouts Full call number Barcode Date last seen Price effective from Koha item type Public note
          AU LIBRARY AU LIBRARY Open Shelf 04.06.2021   HD62.5 .T55 1985 28002704 04.06.2021 04.06.2021 Book JO

Powered by Koha